| 000 | 00000nas 2200000za 4500 |
| 001 | 9.823285 |
| 003 | CaOODSP |
| 005 | 20221107143850 |
| 007 | cr ||||||||||| |
| 008 | 160826d19821984oncar p oss f0###a0eng|d |
| 022 | |y0828-8801 |
| 040 | |aCaOODSP|beng |
| 041 | |aeng|afre |
| 043 | |an-cn--- |
| 086 | 1 |aCS53-225-PDF |
| 245 | 00|aFuel Consumption Survey, light trucks and vans |h[electronic resource] / |cStatistics Canada, Special Surveys Division and Special Surveys Methodology Sub-Division and Regional Operations Branch = Enquête sur la consommation de carburant, camionnettes et fourgonnettes / Statistique Canada, Division des enquêtes spéciales et Sous-division de la méthodologie des enquêtes spéciales et Direction des opérations régionales. |
| 246 | 11|aEnquête sur la consommation de carburant, camionnettes et fourgonnettes |
| 260 | |aOttawa : |bStatistics Canada = Statistique Canada, |c1985-1986. |
| 310 | |aAnnual |
| 362 | 0 |aOct. 1981/Sept. 1982-Oct. 1983/Dec.1984. |
| 500 | |aDigitized edition from print [produced by Statistics Canada]. |
| 500 | |aOn cover: Special surveys program = Programme des enquêtes spéciales. |
| 520 | |a"The purpose of conducting this survey is to establish a database concerning personal use of the passenger cars, light trucks and vans in Canada which would contain the following information: total distance travelled, total amount of fuel consumed, average distance obtained per unit of fuel, total expenditures on fuel, seasonal fluctuations in fuel consumption and in distance travelled"--Introduction, 1982 issue. |
| 546 | |aText in English and French. |
| 580 | |aContinues a part of: Fuel Consumption Survey, annual report, ..., special surveys program. |
| 580 | |aMerged with: Passenger car Fuel Consumption Survey, to become: Fuel Consumption Survey, passenger cars, light trucks and vans. |
| 692 | 07|2gccst|aVehicles |
| 692 | 07|2gccst|aFuels |
| 710 | 1 |aCanada.|bStatistics Canada.|bSpecial Surveys Division. |
| 710 | 2 |aStatistics Canada.|bRegional Operations. |
| 710 | 2 |aStatistics Canada.|bSpecial Surveys Methodology Sub-Division. |
| 780 | 00|tFuel Consumption Survey, annual report ..., Special Surveys Program |w(CaOODSP)9.823297 |
| 785 | 00|tFuel consumption survey, passenger cars, light trucks and vans |w(CaOODSP)9.817910 |
| 792 | |tFuel Consumption Survey, light trucks and vans |efre|w(CaOODSP)9.823286 |